[Event "Feffernitz op 28th"]
[Site "Feffernitz"]
[Date "2019.08.23"]
[Round "7"]
[White "Turian, Hans"]
[Black "Danninger, Simon"]
[Result "1-0"]
[WhiteElo "1930"]
[BlackElo "1707"]
[PlyCount "75"]
[EventDate "2019.08.18"]
[EventType "swiss"]
[EventRounds "9"]
[EventCountry "AUT"]
[SourceTitle "EXT 2020"]
[Source "ChessBase"]
[SourceDate "2019.10.17"]
[SourceVersion "1"]
[SourceVersionDate "2019.10.17"]
[SourceQuality "1"]

1. Nf3 d5 2. g3 Nf6 3. Bg2 e6 4. 0-0 Be7 5. d3 0-0 6. Nbd2 c5 7. e4 Nc6 8. e5 Nd7 9. Re1 Qc7 10. Qe2 b5 11. Nf1 Bb7 12. h4 Rfc8 13. Bf4 Qd8 14. N1h2 Qf8 15. h5 h6 16. Ng4 a5 17. a4 bxa4 18. Rxa4 Ba6 19. Qd2 Kh7 20. Raa1 Nb6 21. Ne3 Bd8 22. g4 c4 23. d4 Ra7 24. g5 hxg5 25. Bxg5 c3 26. bxc3 Nc4 27. Nxc4 Bxc4 28. Bxd8 Qxd8 29. Ng5+ Kg8 30. Qf4 Qe8 31. Re3 Ne7 32. Bh3 g6 33. Qf6 gxh5 34. Nxe6 fxe6 35. Rg3+ Ng6 36. Rxg6+ Qxg6+ 37. Qxg6+ Rg7 38. Bxe6+ 1-0

[Event "Feffernitz op 28th"]
[Site "Feffernitz"]
[Date "2019.08.18"]
[Round "1"]
[White "Hoffmann, Sebastian1111"]
[Black "Danninger, Simon"]
[Result "1-0"]
[WhiteElo "2199"]
[BlackElo "1707"]
[PlyCount "87"]
[EventDate "2019.08.18"]
[EventType "swiss"]
[EventRounds "9"]
[EventCountry "AUT"]
[SourceTitle "EXT 2020"]
[Source "ChessBase"]
[SourceDate "2019.10.17"]
[SourceVersion "1"]
[SourceVersionDate "2019.10.17"]
[SourceQuality "1"]

1. e4 e5 2. Nf3 Nf6 3. Nc3 Nc6 4. d4 exd4 5. Nxd4 Be7 6. Nxc6 dxc6 7. Bf4 0-0 8. Qxd8 Bxd8 9. 0-0-0 Be6 10. f3 c5 11. g4 c6 12. Bd6 Re8 13. Bxc5 Be7 14. Bxe7 Rxe7 15. Be2 a5 16. Rd4 b5 17. Rhd1 Kf8 18. h3 g5 19. h4 h6 20. Rh1 Kg7 21. hxg5 hxg5 22. e5 Nd5 23. Ne4 Nf4 24. Bd3 Nxd3+ 25. Rxd3 Bd5 26. Nxg5 Rxe5 27. Nh3 Rae8 28. Nf4 Bc4 29. Rd6 Re3 30. Rxc6 Rxf3 31. Nh5+ Kf8 32. Nf6 Re6 33. Rc8+ Ke7 34. g5 Kd6 35. Rd1+ Ke5 36. Rc5+ Kf4 37. b3 Be2 38. Rd4+ Ke3 39. Rh4 Rf1+ 40. Kb2 Rg1 41. Rc3+ Kd2 42. Ne4+ Ke1 43. Re3 Kd1 44. Rh2 1-0

[Event "AUT-ch U14"]
[Site "St Kanzian"]
[Date "2018.05.22"]
[Round "7.6"]
[White "Danninger, Simon"]
[Black "Rosol, Alexander"]
[Result "1/2-1/2"]
[WhiteElo "1600"]
[BlackElo "1811"]
[PlyCount "173"]
[EventDate "2018.05.19"]
[EventType "swiss"]
[EventRounds "7"]
[EventCountry "AUT"]
[SourceTitle "EXT 2024"]
[Source "ChessBase"]
[SourceDate "2023.10.10"]
[SourceVersion "1"]
[SourceVersionDate "2023.10.10"]
[SourceQuality "1"]

1. e4 e5 2. Nf3 Nc6 3. Bc4 Nf6 4. d3 Bc5 5. c3 a6 6. Bb3 h6 7. 0-0 d6 8. h3 Ba7 9. Re1 0-0 10. Nbd2 Nh5 11. Nf1 Qf6 12. Be3 Nf4 13. Kh2 g5 14. Bxa7 Rxa7 15. Ng1 g4 16. g3 Nxh3 17. Nxh3 gxh3 18. Qe2 Kh7 19. Ne3 Rg8 20. Rg1 Ne7 21. Raf1 Ng6 22. Nd5 Qd8 23. f4 c6 24. Ne3 b5 25. f5 Nf8 26. Qh5 Qg5 27. Qxg5 hxg5 28. Kxh3 Rh8 29. Kg2 Kg7 30. Rh1 f6 31. Rxh8 Kxh8 32. a3 Nd7 33. Be6 Rc7 34. b4 Nb6 35. c4 bxc4 36. Nxc4 Nxc4 37. Bxc4 Bb7 38. Bb3 d5 39. Kf2 dxe4 40. dxe4 c5 41. Bd5 cxb4 42. axb4 Bxd5 43. exd5 Rd7 44. Rd1 Rd6 45. Ke3 Kg7 46. Ke4 Kf7 47. Rc1 Rb6 48. Rc4 Ke7 49. Kd3 Kd7 50. Ke3 Ke7 51. Kd3 Rd6 52. Ke4 Kd7 53. Rc5 Rb6 54. Rc4 Kd6 55. g4 Ke7 56. Rc7+ Kd8 57. Rc4 Kd7 58. Kd3 Kd8 59. Ke3 Ke7 60. Kd3 Rd6 61. Rc5 Kd7 62. Ke3 Rb6 63. Rc4 Rb5 64. Ke4 Kd8 65. Rc6 Rxb4+ 66. Kf3 Ke7 67. Rxa6 Rd4 68. Ra5 Kd6 69. Ra6+ Kxd5 70. Rxf6 Rf4+ 71. Kg3 Ke4 72. Rg6 Rf3+ 73. Kg2 Kf4 74. Rxg5 e4 75. Rg6 e3 76. Re6 Rg3+ 77. Kf1 Kf3 78. f6 Rh3 79. Kg1 Rg3+ 80. Kf1 Rh3 81. Kg1 Rh7 82. g5 Ra7 83. Kh2 Ra2+ 84. Kh3 Ra1 85. Kh2 Ra2+ 86. Kh3 Ra1 87. Kh2 1/2-1/2

[Event "AUT-ch U14"]
[Site "St Kanzian"]
[Date "2018.05.20"]
[Round "3.10"]
[White "Danninger, Simon"]
[Black "Lemsitzer, Simon"]
[Result "1/2-1/2"]
[WhiteElo "1600"]
[BlackElo "1701"]
[PlyCount "73"]
[EventDate "2018.05.19"]
[EventType "swiss"]
[EventRounds "7"]
[EventCountry "AUT"]
[SourceTitle "EXT 2024"]
[Source "ChessBase"]
[SourceDate "2023.10.10"]
[SourceVersion "1"]
[SourceVersionDate "2023.10.10"]
[SourceQuality "1"]

1. e4 c5 2. Nf3 e6 3. d4 cxd4 4. Nxd4 a6 5. c4 Qc7 6. Nc3 Nf6 7. Bd3 Nc6 8. Nf3 Be7 9. 0-0 0-0 10. a3 b6 11. Qc2 Bb7 12. b3 h6 13. Bb2 d6 14. Rfe1 Nd7 15. Rad1 Rac8 16. Re2 Nde5 17. Nb1 Nxf3+ 18. gxf3 e5 19. Kh1 Bg5 20. Ree1 Rce8 21. Rg1 Bc8 22. Rxg5 hxg5 23. Rg1 Qe7 24. Bc1 Nd4 25. Qd1 Ne6 26. Be3 Qd8 27. Nc3 Nc5 28. Rxg5 Bb7 29. Bc2 g6 30. Qg1 Kg7 31. Nd5 Bxd5 32. exd5 Qf6 33. Qg4 a5 34. a4 Rh8 35. Kg2 Kf8 36. Qg3 Rh5 37. Rg4 1/2-1/2